000 00607nam a2200229Ia 4500
003 OSt
005 20220928113937.0
006 a|||||r|||| 00| 0
007 ta
008 220927b |||||||| |||| 00| 0 eng d
024 _a35658
037 _cTextual
040 _aSDCL
_cSDCL
_beng
041 _2eng
_aeng
082 _aQ23'D, M2
100 _aTyagi Ishwar Chandra
_9435997
245 0 _aShivism in ancient India.
260 _aMeerut
_bMeenakshi Prakashan
_c1982
300 _aviii,176p.
_ccm.
942 _hQ23'D, M2
_cTEXL
_2CC
999 _c752125
_d752125